| 000 | 00432nam a2200169Ia 4500 | ||
|---|---|---|---|
| 008 | 230711s9999||||xx |||||||||||||| ||und|| | ||
| 020 | _a81-7824-305-9 | ||
| 041 | _aENG | ||
| 082 |
_a720.954 _bLA-C |
||
| 100 | _aLang,Jon | ||
| 245 | 2 | _aA Concise History of Modern Architecture In India | |
| 250 | _a1st Ed. | ||
| 260 |
_c2002 _aNew Delhi _bPermanent Black Publication |
||
| 300 | _a205p. | ||
| 650 | _aArchitecture | ||
| 942 | _cBK | ||
| 999 |
_c6520 _d6520 |
||